000 00643nam a22001937a 4500
003 OSt
005 20250623071521.0
008 250623b |||||||| |||| 00| 0 eng d
020 _a978-621-906-198-3
040 _aDWCL - Main lib
_cOC
082 _aFil. 338.479 L732m 2019
100 _aLim, Romeo D.
245 _aMicro perspective :
_bon tourism and hospitality/
_cRomeo D. Lim
260 _aManila, Philippines:
_bMindshapers co., inc,
_c2019.
300 _axvi, 392 pages :
_billustrations;
_c 25cm.
504 _aincludes bibliographical references
650 _a1. Hospitality industry- management
942 _2ddc
_cBK - FIL
_kFil.
_n0
999 _c3240
_d3240